00839cam a2200241 a 4500999001500000001000600015003000900021005001700030008004100047020001600088020001800104040003800122082002000160100002600180245007900206260004700285300004500332500002000377650004300397700002700440942001200467952011800479 c3209d320915821BD-DhUAP20210130163455.0200302s1998 bg abf b f000 0 eng  a0870706675  a9780870706677 aBD-DhUAPcBD-DhUAPdBD-DhUAPbEng a741.940 ORA223 aOramas, Luis Pérez. aAn atlas of drawings : btransforming chronologies /cLuis Pérez Oramas. aNew York : bMuseum of Modern Art,cc2006. avarious pages :billustrations ;c25 cm. aIncludes index. aMuseum of Modern Art (New York, N.Y.). aSchneider, Friederike  2ddccBK 00102ddc4070aUAPCLbUAPCLcGeneral Stacksd2020-03-02o741.940 ORAp3010015821r2020-03-02t1w2020-03-02yBK